000 00629nam a2200205 a 4500
001 14867
003 CO-ViMGA
008 141112s2004 ck r 000 u spa d
020 _a9588159199
040 _aCO-ViMGA
_bspa
_cCO-ViMGA
082 0 4 _aCo863.44 S377a
100 1 _aSerrano, Rymel; Jurisch, Mario
_921594
245 1 0 _aDe allá para acá :
_bAntología del cuento (tomo 1)
260 _aBogotá,
_cMinisterio de cultura,
_c2002
300 _a181p.
490 _aPremios departamentales de cultura
650 1 4 _aAUTORES COLOMBIANOS - CRITICA E INTERPRETACION
_921595
650 1 4 _aCUENTOS COLOMBIANOS
942 _2ddc
_cBK
999 _c25348
_d25348